000 00575nam a2200181 4500
999 _c171634
_d171634
005 20200116153514.0
010 _aENG-127394
020 _a9789351952343
_c599.00
035 _aEN-110926
037 _bDBAD/PUB
082 _a331.10954
100 _aDas,Goutam
245 _aJobonomics:
_cby Goutam Das
_bIndia's Employment Crisis and what the future holds/
260 _aGurugram
_bHachette
_c2019
270 _a4th/5th Floors,corporate Centre,plot no.94,sec44
_bGurugram
_e122003
300 _aViii;286p.
_c23cm(hb)
942 _2ddc
_cEN
_h331.10954
_mDAS